00894nam a2200217 i 4500001001000000003000900010005001700019007000300036008004100039040003000080041000800110082001800118100004100136245022300177250006100400264006700461300006000528336002700588337003300615338002800648000046099DO-SdBNP20241022104532.0ta150619s1982 dr ac 000 0 spa d aDO-SdBNPbspacBNPHUerda hspa axxbB483a2221 aBeras Morales, Sergio Augustoeautor10aAlbum del cincuentenario de San Pedro de Macorís :b1882-1932 /cSergio Augusto Beras Morales, Telesforo A. Zuleta y De Soto, Luis H. Dalmau Febles ; edición autorizada por el Comité Directivo Pro-Cincuentenario. aReimpresión facsímil de la edición publicada 1933. aSan Pedro de Macorís :bUniversidad Central del Este,c1982. aPáginas variadas :bilustraciones retratos. ;c21 cm. ardacontentbtexto2txt ardamediabsin mediación2n ardacarrierbvolumen2nc